Middle African Country to Capital #1 - Statistics

General Stats
  • This quiz has been taken 60 times
  • The average score is 7 of 9
Answer Stats
Country Capital % Correct
Democratic Republic of the Congo Kinshasa
87%
Gabon Libreville
87%
Kenya Nairobi
87%
Republic of the Congo Brazzaville
83%
Burundi Gitega
83%
Uganda Kampala
83%
Tanzania Dodoma
78%
Rwanda Kigali
78%
Equatorial guinea Malabo
78%
No matching quizzes found
Score Distribution
Percent of People with Each Score
Percentile by Number Answered
Your Score History
You have not taken this quiz